[Event "Luxembourg-ch"]
[Site "Luxembourg"]
[Date "1999.04.11"]
[Round "9"]
[White "Agovic, Esad"]
[Black "Andre, Marc"]
[Result "0-1"]
[WhiteElo "1681"]
[BlackElo "1605"]
[PlyCount "82"]
[EventDate "1999.04.03"]
[EventType "swiss"]
[EventRounds "9"]
[EventCountry "LUX"]
[SourceTitle "EXT 2005"]
[Source "ChessBase"]
[SourceDate "2004.11.15"]
[SourceVersion "1"]
[SourceVersionDate "2004.11.15"]
[SourceQuality "1"]

1. d4 Nf6 2. Nc3 d6 3. e4 g6 4. Nf3 Bg7 5. Bd3 c6 6. h3 Nbd7 7. Be3 Nb6 8. Qd2 Qc7 9. 0-0-0 Be6 10. Kb1 0-0-0 11. Ng5 h6 12. Nxe6 fxe6 13. d5 exd5 14. exd5 Nfxd5 15. Bxg6 Nxc3+ 16. bxc3 Nc4 17. Qd3 Nxe3 18. Qxe3 c5 19. Qg3 Bf6 20. Bf7 Rdf8 21. Bb3 Qb6 22. Ka1 Kb8 23. Rb1 Qa5 24. Kb2 b5 25. a3 b4 26. a4 Bxc3+ 27. Kc1 Qd8 28. Bd5 Kc7 29. Qd3 Qb8 30. f3 Rf6 31. Qe4 Be5 32. Rf1 Rhf8 33. Kd2 e6 34. Bc4 Bf4+ 35. Kd1 d5 36. Bxd5 exd5 37. Qe7+ Kc6 38. Qe2 a5 39. Qa6+ Qb6 40. Qe2 c4 41. Qe7 Qd4+ 0-1

[Event "Luxembourg-ch"]
[Site "Luxembourg"]
[Date "1999.04.08"]
[Round "6"]
[White "Andre, Marc"]
[Black "Hansen, Herve"]
[Result "0-1"]
[WhiteElo "1605"]
[BlackElo "1762"]
[PlyCount "82"]
[EventDate "1999.04.03"]
[EventType "swiss"]
[EventRounds "9"]
[EventCountry "LUX"]
[SourceTitle "EXT 2005"]
[Source "ChessBase"]
[SourceDate "2004.11.15"]
[SourceVersion "1"]
[SourceVersionDate "2004.11.15"]
[SourceQuality "1"]

1. e4 c5 2. Nf3 e6 3. Nc3 Nc6 4. d4 cxd4 5. Nxd4 Nf6 6. Bg5 Be7 7. Bc4 a6 8. 0-0 0-0 9. Kh1 Qc7 10. f4 d6 11. Nxc6 bxc6 12. Bd3 h6 13. Bh4 Nxe4 14. Nxe4 Bxh4 15. g3 Be7 16. g4 Bb7 17. g5 f5 18. gxh6 c5 19. Rg1 Bf6 20. Qf3 c4 21. Rxg7+ Bxg7 22. Rg1 cxd3 23. cxd3 fxe4 24. dxe4 Rf7 25. hxg7 Rxg7 26. Re1 Qc2 27. h4 d5 28. Re2 Qb1+ 29. Kh2 dxe4 30. Qf2 e3 31. Qe1 Qxe1 32. Rxe1 Rg2+ 33. Kh3 e2 34. h5 Bf3 35. h6 Rf2 36. Rg1+ Rg2 37. Re1 Kh7 38. Kh4 Rf2 39. Rg1 Rg8 40. Rxg8 Kxg8 41. Kg5 e1Q 0-1